| 000 | 00554nam a22001937a 4500 | ||
|---|---|---|---|
| 003 | OSt | ||
| 005 | 20260204015338.0 | ||
| 008 | 260204b |||||||| |||| 00| 0 eng d | ||
| 020 | _a 978-1-68251-446-7 | ||
| 040 |
_aDWC-Main lib _cOC |
||
| 082 | _aCirc. 371.4 G946 2017 | ||
| 100 | _a3GE-LEARNING | ||
| 245 |
_aGuidance and counselling/ _c3GE-LEARNING |
||
| 260 |
_aUSA : _b3G E- learning, _c c2017. |
||
| 300 |
_ax, 234 pages: _billustration; _c23cm |
||
| 504 | _aIncludes index | ||
| 650 | _a1. Includes index | ||
| 942 |
_2ddc _cBK-CIRC _kCirc. _n0 |
||
| 999 |
_c8237 _d8237 |
||